000 02091cam a22004934i 4500
003 PE-LiUPU
005 20250731173347.0
008 150706s r 000 0 d
020 _a843211023X
035 _a(Sirsi) i9788432110238
040 _aPE-LiUPU
_bspa
_cPE-LiUPU
_erda
049 _aPRUA
082 0 4 _a253
_bS85
_221
100 1 _aSuarez, Federico,
_eautor.
245 1 3 _aEl sacerdote y su ministerio /
_cFederico Suarez.
250 _a6a
264 1 _aMadrid :
_bEdiciones Rialp,
_c2005.
300 _a317 páginas ;
_c19 centímetros
336 _atext
_2rdacontent
337 _aunmediated
_2rdamedia
338 _avolume
_2rdacarrier
490 0 _aPatmos Libros de Espiritualidad ;
_v129
504 _aNotas bibliográficas al pie de algunas páginas.
505 0 _aEl sacerdocio -- El sacerdote y la iglesia -- Un hombre consagrado -- El lugar del sacerdote -- La lucha por la fidelidad -- El ministerio -- La palabra de la palabra -- La administración de los Sacramentos -- La ofenda del Sacrificio.-La formación humana -- Formación intelectual -- Formación ascética -- Formación pastoral -- Las fuerzas -- La piedra angular -- La espiritualidad -- Lectura del Evangelio -- La piedad eucarística -- La oración -- La amistad -- Lectura espiritual -- La devoción de la virgen.
526 _aSEG42
526 _aSEG41
526 _aSEG40
526 _aSEG39
526 _aP94
526 _aP87
526 _aP86
526 _aP85
526 _aP77
526 _aP76
526 _aP35
541 _g007-0020481;
650 0 4 _aSacerdocio.
910 _agl
_bjv
_cng
_d20091223
942 _2ddc
_cBOOK
949 _a253 S85
_wDEWEY
_c1
_i60901
_lCCODEBUL1
_mBUL
_p23.00
_r0
_sY
_tBOOK
_u2015-7-6
_xTEOLOGIA
_zUNKNOWN
_0COMPRA
_o.STAFF. Colección General
994 _aC0
_bPEPRU
596 _a1
999 _a253 S85
_wDEWEY
_c50261
_i60901
_d50261
_f2021-11-10
_g5
_lCCODEBUL1
_mBUL
_p23.00
_q2
_r0
_sY
_tBOOK
_u2015-7-6
_xTEOLOGIA
_zUNKNOWN
_0COMPRA
_o.STAFF. Colección General
980 _81
_gALBERTO SANCHEZ Responsable de Automatización